000 00672nam a2200229Ia 4500
003 OSt
005 20221002050508.0
006 a|||||r|||| 00| 0
007 ta
008 220930b |||||||| |||| 00| 0 eng d
024 _a14350
037 _bGift, 07/11/2014,
_cReference Collections
040 _aCRL
_cCRL
_beng
041 _2eng
_aeng
082 _aV2:1941k, Q4.1-.2(RR)
245 0 _aEncyclopedia of India - China Cultural Contacts
260 _aNew Delhi
_bMaxposure Media India
_c2014
490 _vVol. 1
650 _aHISTORY
942 _hV2:1941k, Q4.1-.2(RR)
_cref
_2CC
999 _c914727
_d914727